Giáo trình logic học
Trình bày logic hình thức và logic biện chứng
Đã lưu trong:
| Tác giả chính: | |
|---|---|
| Định dạng: | Sách |
| Năm xuất bản: |
H.
Chính trị quốc gia
2007
|
| Phiên bản: | Tái bản lần thứ hai, có sửa chữa và bổ sung |
| Chủ đề: | |
| Tags: |
Thêm thẻ
Không có thẻ, Hãy là người đầu tiên gắn thẻ bản ghi này!
|
| LEADER | 00781nam a2200181 4500 | ||
|---|---|---|---|
| 082 | |a 160 |b Gi108tr | ||
| 100 | |a Lê Doãn Tá chủ biên | ||
| 245 | |a Giáo trình logic học |c Lê Doãn Tá chủ biên, Tô Duy Hợp đồng chủ biên, Vũ Trọng Dung đồng chủ biên,... | ||
| 250 | |a Tái bản lần thứ hai, có sửa chữa và bổ sung | ||
| 260 | |a H. |b Chính trị quốc gia |c 2007 | ||
| 300 | |a 333tr. |c 21cm. | ||
| 520 | |a Trình bày logic hình thức và logic biện chứng | ||
| 653 | |a Logic hình thức | ||
| 653 | |a Logic biện chứng | ||
| 653 | |a Giáo trình | ||
| 942 | |2 ddc |c SH | ||
| 999 | |c 13663 |d 13663 | ||
| 952 | |0 0 |1 0 |2 ddc |4 0 |6 160_000000000000000_GI108TR |7 0 |8 100 |9 110079 |a qbu |b qbu |c D2 |d 2017-04-05 |g 37000 |o 160 Gi108tr |p 12095.c1 |r 0000-00-00 |w 2017-04-05 |y SH | ||